000 00416nam a2200181Ia 4500
001 17069
005 20260306170358.0
008 260306t2002||||xx |||||||||||||| ||und||
041 _aESP
082 _a657.45
_bD98
100 _aDurá Berenguer, María Magdalena
_eAUT
245 0 _aAuditoría
260 _c2002
300 _a225 páginas :
_c
650 _aGEN
654 _aCCO
942 _cLIB
_dJUS
_fJUS
_2ddc
_n
999 _c17069
_d17069